| 000 | 00627nam a2200193 i 4500 | ||
|---|---|---|---|
| 001 | 17937 | ||
| 003 | ES-MaACL | ||
| 005 | 20230906151724.0 | ||
| 007 | t| | ||
| 008 | 010626s1965 sp ||||1| spa d | ||
| 080 | _a338.984.3(460)"1964/67" | ||
| 100 | 1 |
_aPrados Arrarte, Jesús. _993635 |
|
| 245 | 1 | 3 |
_aEl plan de desarrollo en España, 1964-67 : _bexposición y crítica / _cJesús Prados Arrarte. |
| 260 |
_aMadrid : _bTecnos, _c[1965] |
||
| 300 |
_a312 p. ; _c23 cm. |
||
| 651 | 4 |
_aEspaña- _xPolítica económica- _y1955-1975. _98408 |
|
| 852 | 4 |
_aES-MaACL _jAND-60 _z- Biblioteca Juan Andrade |
|
| 852 | 4 |
_aES-MaACL _jF-2012 |
|
| 999 |
_c17937 _d17937 |
||